| 000 | 00709nam a22002055i 4500 | ||
|---|---|---|---|
| 001 | 170181 | ||
| 003 | ES-MaACL | ||
| 005 | 20251003163438.0 | ||
| 008 | 090210s1947 fr |||| | fre d | ||
| 080 | _a78.089.1 | ||
| 100 | 1 |
_aLabiche, Eugène. _969236 |
|
| 245 | 1 | 2 |
_aL'omelette a la follembuche _b: opérette-bouffe en un acte / _cpar E. Labiche et Marc-Michel ; musique de Léo Delibes. |
| 260 |
_aParis : _bStock, _c1947. |
||
| 300 |
_a46 p. ; _c19 cm. |
||
| 650 | 1 | 4 |
_aOperetas- _vLibretos. _9139352 |
| 700 | 1 |
_aMichel, Marc, _d1812-1868 _9149496 |
|
| 700 | 1 |
_aDelibes, Léo. _9126744 |
|
| 852 |
_aES-MaACL _j2247-F-3 _9R.141011 _z.- Biblioteca Jacinto Martínez Lacalle |
||
| 999 |
_c170181 _d170181 |
||